000 00788nam a2200205 i 4500
001 163757
003 ES-MaACL
005 20250928145139.0
008 031209s1874 sp |||| | spa d
040 _aCAM
_bspa
_cCAM
100 1 _aChaves, Ángel R.,
_d1849-1909
_9126471
245 1 0 _aCuentos de dos siglos há
_b: cuadros de costumbres del Siglo XVII /
_cpor Angel R. Chaves ; con una introducción de Hermilio Olóriz.
260 _aMadrid :
_bLa España Literaria,
_c1874.
300 _a142 p. ;
_c19 cm.
490 1 _aBiblioteca de obras escojidas [i.e. escogidas]
700 1 _aOlóriz, Hermilio de,
_d1854-1919
_9130650
830 0 _aBiblioteca de obras escojidas [i.e. escogidas]
_9222298
852 _aES-MaACL
_jD-2462
_z-- Rúst.
999 _c163757
_d163757